| 000 | | | 03903nmc2a22002413x 450 |
| 001 | | | 341796b7-a605-4a5c-ad47-ba515665b029 |
| 005 | | | 20210511184352.0 |
| 100 | ## | $a | 20210203l19141914k l0rusy0189 ca |
| 101 | 0# | $a | rus |
| 102 | ## | $a | RU |
| 105 | ## | $a | y### |
| 122 | 2# | $a | d |
| 200 | 1# | $a | Переписка со старшим инженером-гидротехником Спарро и Самарским губернатором, и о работах поволжских изыскательных партий по обследованию водного хозяйства, с приложением программы и инструкции по изысканиям. Краткий отчет о деятельности организации по изысканиям и работам в Среднем и Южном Поволжье с августа 1913 года по май 1914 года |
| | $j | 2 января - 31 мая 1914 г. |
| 215 | ## | $a | 667 л. |
| | $d | 36,5х26 см |
| 251 | ## | $c | Дело |
| 300 | ## | $a | Дело |
| 371 | ## | $a | Документ не является опубликованным и широко распространяемым |
| 461 | #0 | $1 | 0017a5585a9-6586-4a8f-a3cc-bb4dd9a485df |
| | $1 | 2001 |
| | $a | Дело сборных афиш по Александринскому театру сезона 1886-1887 годов |
| | $1 | 251 |
| | $c | Дело |
| | $1 | 852 |
| | $j | 200 |
| 462 | #0 | $1 | 0013a02340e-e572-4ee5-9169-9b29c64f7ce0 |
| | $1 | 2001 |
| | $a | Отдел земельных улучшений Министерства земледелия |
| | $1 | 251 |
| | $c | Опись |
| | $1 | 852 |
| | $j | 2 |
| 801 | #0 | $a | RU |
| | $b | РГИА |
| | $c | 20210203 |
| | $g | RCR |
| 801 | #1 | $a | RU |
| | $b | ГлавНИВЦ |
| | $c | 20210203 |
| | $2 | rusmarc |
| 801 | #2 | $a | RU |
| | $b | ПБ им. Б.Н. Ельцина |
| | $c | 20210511 |
| | $g | RCR |
| | $2 | rusmarc |
| 850 | ## | $a | РГИА |
| 852 | ## | $a | РГИА |
| | $e | Федеральное казенное учреждение "Российский государственный исторический архив" (РГИА) |
| | $j | 836 |
| 937 | ## | $h | РГИА |
| | $d | 12359026 |
| | $a | ASBIBLIO_SCAN |
| 035 | ## | $a | RusGRCC00021593 |
| 856 | ## | $u | http://readingroom.main.prlib.ru/item.aspx?id_node=n164167724&mode=full |